00397nam a2200121Ia 4500003000400000005001700004008004100021040001800062041000800080100005400088245009800142260003500240OSt20260120103458.0211028s2014 xx 000 0 und d cAIMIT LIBRARY aeng aD Souza, Aren John Paul; Wright, Rowena.g1216014 aStudy on decline in customer preference towards BSNL broadband services in Dakshina Kannada / aMangalorebRowena Wrightc2014